| 000 | 00604nam a2200229Ia 4500 | ||
|---|---|---|---|
| 003 | OSt | ||
| 005 | 20220918192811.0 | ||
| 006 | a|||||r|||| 00| 0 | ||
| 007 | ta | ||
| 008 | 220917b |||||||| |||| 00| 0 eng d | ||
| 024 | _a70,373 | ||
| 037 | _cTextual | ||
| 040 |
_aARTS _cARTS _beng |
||
| 041 |
_2eng _aeng |
||
| 082 | _aR37, L9 | ||
| 100 |
_aMaziarz Edward A ed _980223 |
||
| 245 | 0 | _aValue and values in evolution | |
| 260 |
_aNew York _bGordon and Breach _c1979 |
||
| 300 |
_ax,196p. illus _ccm. |
||
| 942 |
_hR37, L9 _cTEXL _2CC |
||
| 999 |
_c196471 _d196471 |
||